000 00607nam a2200157 i 4500
001 39364
003 ES-MaACL
005 20230906155946.0
007 t|
008 030227s1890 xxk ||||1| eng d
100 0 _aCalleja GarcĂ­a, Camilo.
_933726
245 1 0 _aGeneral Physiology or physiological Theory of Cosmos
_b:a rectification of the analytical concept of matter and of the synthetical concept of bodies resolving the problem of the unity of all objective Knowledge /
_cby Camilo Calleja.
260 _aLondon :
_bKegan Paul,
_c1890.
300 _aX, 391 p. ;
_c19 cm.
852 _aES-MaACL
_jG-12949
999 _c39364
_d39364